000 00726nam a2200193 i 4500
001 57574
003 ES-MaACL
005 20230906163614.0
007 t|
008 031016s1962 sp ||||1| spa d
100 1 _aDomínguez Carmona, Manuel.
_945198
245 1 0 _aContestaciones al nuevo programa de médicos de asistencia pública domiciliaria
_b: (oposición restringida) /
_cpor Manuel Domínguez Carmona, Venancio García Rodríguez, Enrique Martínez Pérez.
250 _a2ª ed.
260 _aMadrid :
_b[s.n.,
_c1962] (
_fGráf. Fuencarral)
300 _a378 p. ;
_c23 cm.
700 1 _aGarcía Rodríguez, Venancio.
_955206
700 1 _aMartínez Pérez, Enrique.
_978328
852 _aES-MaACL
_jC-23368
_bR.51798
999 _c57574
_d57574